| 000 | 00554nam a2200205 a 4500 | ||
|---|---|---|---|
| 005 | 20240919064441.0 | ||
| 008 | 991125s1975 bar 000 0 spa u | ||
| 020 | _a8434407639 | ||
| 035 | _aUPN01000024770 | ||
| 049 | _aCG | ||
| 050 | 4 |
_aHB93 _bM4.38 |
|
| 100 | 1 | _aMeek, Ronald L. | |
| 245 | 1 | 3 |
_aLa fisiocracia / _cRonald L. Meek ; tr. José García-Durán. |
| 260 |
_aBarcelona, Esp. : _bAriel, _c1975. |
||
| 300 | _a269 p. | ||
| 440 | 0 |
_aAriel quincenal ; _v103 |
|
| 650 | 4 |
_aEconomistas _916866 |
|
| 650 | 4 |
_aFISIOCRATAS _920834 |
|
| 905 | _aLibro | ||
| 999 |
_c24770 _d24770 |
||